000
002800000a22000970004500
100
1
_a
Minear, Paul S.
245
1
0
_a
Far as the curse is found : The point of Revelation 12:15-16
300
_a
Vol. 36, Num. 1 (Enero, 1991), Páginas 71-77
773
0
_t
Novum Testamentum
942
_c
ANA
999
_c
56805
_d
56805